Statystyki dla Czym Można jechać?

Kliknij tutaj aby rozwiązać quiz!

Ogólne statystyki

  • Ten quiz został rozwiązany 224 razy
  • Średni wynik to 6 z 11

Statystyki odpowiedzi

Odpowiedź% Poprawnych
Autem | Samochodem
99%
Rowerem
93%
Hulajnogą
79%
Pociągiem
74%
Tramwajem
67%
Motorem
60%
Deskorolką
55%
Skuterem
37%
Metrem
31%
Traktorem | Ciągnikem
25%
Konno
18%

Rozkład punktacji

Percentyl według liczby udzielonych odpowiedzi

Procent ludzi z każdym wynikiem

Twoja historia wyników

Nie rozwiązałeś tego quizu